00757nam a2200193 i 450000100060000000300090000600700030001500800410001810000270005924501300008625000410021626000510025730000300030849000260033883000340036485200300039899900170042895201180044525233ES-MaACLt|021223s1950 sp ||||1| spa d1 aArán, Santos.92223713aEl ganado y sus enfermedades b: los más modernos y prácticos tratamientos preventivos y curativos / cpor Santos Arán. a4ª ed., renovada y puesta al día. aMadrid : b[s.n., c1950] (fGráf. Yagües) a485 p. : bil. ; c22 cm.1 aBiblioteca pecuaría0 aBiblioteca pecuaría9180962 aES-MaACLjB-360 bR.29585 c25233d25233 00104070aATENEOMbATENEOMcSPBd2008-01-17eSCl0oB-360p1026014r2023-02-23 00:00:00w2023-02-23yMONOGRAFIA